<?xml version="1.0" encoding="UTF-8"?>
<record
    xmlns:xsi="http://www.w3.org/2001/XMLSchema-instance"
    xsi:schemaLocation="http://www.loc.gov/MARC21/slim http://www.loc.gov/standards/marcxml/schema/MARC21slim.xsd"
    xmlns="http://www.loc.gov/MARC21/slim">

  <leader>00826nam a22002177a 4500</leader>
  <datafield tag="999" ind1=" " ind2=" ">
    <subfield code="c">178349</subfield>
    <subfield code="d">178349</subfield>
  </datafield>
  <controlfield tag="005">20210907150006.0</controlfield>
  <datafield tag="010" ind1=" " ind2=" ">
    <subfield code="a">   ENG-129894   ENG-129895</subfield>
  </datafield>
  <datafield tag="020" ind1=" " ind2=" ">
    <subfield code="a">978-93-8651-541-4</subfield>
    <subfield code="c">4795.00( vol.2)</subfield>
  </datafield>
  <datafield tag="035" ind1=" " ind2=" ">
    <subfield code="a">  EN-113426   EN-113427</subfield>
  </datafield>
  <datafield tag="037" ind1=" " ind2=" ">
    <subfield code="b">DBAD/PUB</subfield>
  </datafield>
  <datafield tag="082" ind1=" " ind2=" ">
    <subfield code="a">345.5405</subfield>
  </datafield>
  <datafield tag="100" ind1=" " ind2=" ">
    <subfield code="a">Sarkar, SC</subfield>
  </datafield>
  <datafield tag="245" ind1=" " ind2=" ">
    <subfield code="a">Sarkar The Code of Criminal Procedure /</subfield>
    <subfield code="c">SC Sarkar ,PC Sarkar and Sudipto Sarkar</subfield>
    <subfield code="b">An encyclopaedic commentary on the code of criminal procedure, 1973</subfield>
  </datafield>
  <datafield tag="260" ind1=" " ind2=" ">
    <subfield code="b">Lexis Nexis</subfield>
    <subfield code="a">India</subfield>
    <subfield code="c">2018</subfield>
  </datafield>
  <datafield tag="270" ind1=" " ind2=" ">
    <subfield code="b">Gurgaon</subfield>
    <subfield code="e">122002</subfield>
    <subfield code="a">14th Floor , Building No 10, Tower-B, DLF Cyber City, phase -ll</subfield>
    <subfield code="k">+91 124 4774444</subfield>
    <subfield code="l">+91 124 4774100</subfield>
    <subfield code="m">help.in@lexisnexis.com</subfield>
  </datafield>
  <datafield tag="300" ind1=" " ind2=" ">
    <subfield code="a">1383p.</subfield>
    <subfield code="c">25cm(hbk)</subfield>
  </datafield>
  <datafield tag="490" ind1=" " ind2=" ">
    <subfield code="v">1</subfield>
  </datafield>
  <datafield tag="700" ind1=" " ind2=" ">
    <subfield code="a">SC Sarkar  </subfield>
  </datafield>
  <datafield tag="700" ind1=" " ind2=" ">
    <subfield code="a">,PC Sarkar</subfield>
  </datafield>
  <datafield tag="942" ind1=" " ind2=" ">
    <subfield code="2">ddc</subfield>
    <subfield code="c">EN</subfield>
    <subfield code="h">345.5405</subfield>
    <subfield code="m">SAR</subfield>
  </datafield>
  <datafield tag="952" ind1=" " ind2=" ">
    <subfield code="0">0</subfield>
    <subfield code="1">0</subfield>
    <subfield code="3">vol.1</subfield>
    <subfield code="4">0</subfield>
    <subfield code="7">1</subfield>
    <subfield code="8">REF</subfield>
    <subfield code="a">L</subfield>
    <subfield code="b">L</subfield>
    <subfield code="d">2021-03-25</subfield>
    <subfield code="e">DBAD/PUB</subfield>
    <subfield code="g">4795.00</subfield>
    <subfield code="l">0</subfield>
    <subfield code="o">345.5405 SAR</subfield>
    <subfield code="p">EN-113426</subfield>
    <subfield code="r">2021-03-25 00:00:00</subfield>
    <subfield code="t">1</subfield>
    <subfield code="v">4795.00</subfield>
    <subfield code="y">EN</subfield>
  </datafield>
  <datafield tag="952" ind1=" " ind2=" ">
    <subfield code="0">0</subfield>
    <subfield code="1">0</subfield>
    <subfield code="3">vol.2</subfield>
    <subfield code="4">0</subfield>
    <subfield code="7">1</subfield>
    <subfield code="8">REF</subfield>
    <subfield code="a">L</subfield>
    <subfield code="b">L</subfield>
    <subfield code="d">2021-09-07</subfield>
    <subfield code="e">DBAD/PUB</subfield>
    <subfield code="g">4795.00</subfield>
    <subfield code="l">0</subfield>
    <subfield code="o">345.5405 SAR</subfield>
    <subfield code="p">EN-113427</subfield>
    <subfield code="r">2021-09-07 00:00:00</subfield>
    <subfield code="t">1</subfield>
    <subfield code="v">4795.00</subfield>
    <subfield code="y">EN</subfield>
  </datafield>
</record>
